[Event "Gibraltar Amateurs op-B"]
[Site "Caleta"]
[Date "2020.01.25"]
[Round "1"]
[White "Longdin, Michael"]
[Black "Sedgwick, David"]
[Result "0-1"]
[WhiteElo "1680"]
[BlackElo "1894"]
[PlyCount "106"]
[EventDate "2020.01.20"]
[EventType "swiss"]
[EventRounds "5"]
[EventCountry "GGB"]
[SourceTitle "CBM 194 Extra"]
[Source "ChessBase"]
[SourceDate "2020.03.31"]
[SourceVersion "1"]
[SourceVersionDate "2020.03.31"]
[SourceQuality "1"]

1. d4 c5 2. c3 e6 3. Bf4 d5 4. e3 Nc6 5. Nf3 Nf6 6. Nbd2 Be7 7. Bd3 b6 8. Ne5 Bb7 9. Bb5 Rc8 10. Qa4 a6 11. Bxc6+ Bxc6 12. Nxc6 Qd7 13. Qxa6 Qxc6 14. Qe2 0-0 15. 0-0 c4 16. Rfe1 Ne4 17. Nxe4 dxe4 18. Be5 f6 19. Bg3 Qb5 20. Rf1 Qf5 21. f3 e5 22. dxe5 fxe5 23. f4 exf4 24. Rxf4 Qe6 25. Qg4 Qxg4 26. Rxg4 Bc5 27. Rxe4 Rfe8 28. Rxe8+ Rxe8 29. Kf1 Bxe3 30. Re1 Rf8+ 31. Ke2 Bg5 32. Bf2 b5 33. Bd4 Ra8 34. a3 Re8+ 35. Kd1 Rd8 36. Kc2 Bf4 37. g3 Bd6 38. Rf1 Re8 39. Kd2 Re6 40. Rf5 Rh6 41. Bg1 Rf6 42. Rxf6 gxf6 43. Ke3 Kf7 44. g4 Bc5+ 45. Ke4 Bxg1 46. Kd5 Bxh2 47. Kc5 Ke6 48. Kxb5 Kd5 49. a4 Bg1 50. a5 Be3 51. a6 Bc5 52. a7 Bxa7 53. Ka6 Be3 0-1

[Event "Gibraltar Amateurs op-A"]
[Site "Caleta"]
[Date "2020.01.24"]
[Round "5"]
[White "Dhanwani, Aditya"]
[Black "Longdin, Michael"]
[Result "0-1"]
[WhiteElo "1565"]
[BlackElo "1680"]
[PlyCount "66"]
[EventDate "2020.01.20"]
[EventType "swiss"]
[EventRounds "5"]
[EventCountry "GGB"]
[SourceTitle "CBM 194 Extra"]
[Source "ChessBase"]
[SourceDate "2020.03.31"]
[SourceVersion "1"]
[SourceVersionDate "2020.03.31"]
[SourceQuality "1"]

1. d4 e6 2. Nf3 f5 3. h3 Nf6 4. g4 fxg4 5. hxg4 Nxg4 6. e4 Be7 7. Nh4 Bxh4 8. Qxg4 Bxf2+ 9. Kxf2 Qf6+ 10. Kg2 Qxd4 11. Rxh7 0-0 12. Qh4 Rf2+ 13. Kg3 Rxf1 14. Rh8+ Kf7 15. Qh5+ Ke7 16. Bg5+ Kd6 17. Qh2 Qe5+ 18. Kg2 Qxh2+ 19. Kxh2 Nc6 20. Bh4 Nd4 21. Kg2 Rc1 22. Bg3+ Kc6 23. a4 Nxc2 24. Ra2 Rxb1 25. b3 Ne3+ 26. Kf3 Rxb3 27. Ke2 Nc4 28. Rc2 d5 29. exd5+ exd5 30. Rh1 Rxg3 31. Kf2 Rg6 32. Re1 Bf5 33. Rc3 Rf8 0-1

[Event "Gibraltar Amateur op-B"]
[Site "Caleta"]
[Date "2019.01.29"]
[Round "4"]
[White "Longdin, Michael"]
[Black "Robson, Paul E"]
[Result "0-1"]
[WhiteElo "1735"]
[BlackElo "1861"]
[PlyCount "85"]
[EventDate "2019.01.26"]
[EventType "swiss"]
[EventRounds "5"]
[EventCountry "GGB"]
[SourceTitle "EXT 2021"]
[Source "ChessBase"]
[SourceDate "2020.10.23"]
[SourceVersion "1"]
[SourceVersionDate "2020.10.23"]
[SourceQuality "1"]

1. d4 c5 2. c3 g6 3. e4 cxd4 4. cxd4 d5 5. Nc3 dxe4 6. Nxe4 Bg7 7. Nf3 Nf6 8. Nxf6+ Bxf6 9. Bb5+ Nd7 10. 0-0 0-0 11. Bh6 Re8 12. Re1 a6 13. Ba4 b5 14. Bb3 Bb7 15. Ng5 Bxg5 16. Bxg5 Nf6 17. Qe2 Nd5 18. Rac1 Qd6 19. Bh4 e6 20. Bg3 Qd7 21. Qd2 Rac8 22. a3 Kg7 23. Be5+ f6 24. Bg3 Rxc1 25. Rxc1 Rc8 26. Rc5 Ne7 27. Rxc8 Qxc8 28. f3 Qd7 29. Qe3 Bd5 30. Bc2 Nc6 31. b3 b4 32. a4 Na5 33. Be1 Nc6 34. Bd2 Kg8 35. h4 Qa7 36. Kh1 Qxd4 37. Qxd4 Nxd4 38. Bd3 a5 39. Bc4 Nxb3 40. Bxd5 exd5 41. Be3 d4 42. Bf4 d3 43. Kg1 0-1

[Event "Gibraltar Amateur op-B"]
[Site "Caleta"]
[Date "2018.01.28"]
[Round "2"]
[White "Longdin, Michael"]
[Black "Izzard, Brian J"]
[Result "1-0"]
[WhiteElo "1787"]
[BlackElo "1657"]
[PlyCount "66"]
[EventDate "2018.01.27"]
[EventType "swiss"]
[EventRounds "5"]
[EventCountry "GGB"]
[SourceTitle "EXT 2019"]
[Source "ChessBase"]
[SourceDate "2018.10.10"]
[SourceVersion "1"]
[SourceVersionDate "2018.10.10"]
[SourceQuality "1"]

1. d4 d5 2. Bf4 Nf6 3. e3 Bf5 4. c3 e6 5. Qb3 Qc8 6. Nf3 Be7 7. Nh4 Bg6 8. Nxg6 hxg6 9. Nd2 Nbd7 10. Bd3 c5 11. Qd1 Qc6 12. Qe2 c4 13. Bc2 Bd6 14. Bxd6 Qxd6 15. h3 0-0-0 16. b3 e5 17. bxc4 exd4 18. cxd4 Rde8 19. Qd3 Nh5 20. 0-0 Ndf6 21. cxd5 g5 22. Qc4+ Kb8 23. Qc5 Qd7 24. d6 Rc8 25. Qf5 Qxd6 26. Bb3 Rc7 27. Nc4 Qe7 28. Qe5 Qxe5 29. Nxe5 Rf8 30. g4 Nd7 31. Nxd7+ Rxd7 32. gxh5 Rh8 33. Bd1 g6 1-0

[Event "Gibraltar Amateur op-B"]
[Site "Caleta"]
[Date "2017.01.30"]
[Round "3"]
[White "Longdin, Michael"]
[Black "Walker, Gordon J"]
[Result "0-1"]
[WhiteElo "1836"]
[BlackElo "1547"]
[PlyCount "68"]
[EventDate "2017.01.28"]
[EventType "swiss"]
[EventRounds "5"]
[EventCountry "GGB"]
[SourceTitle "EXT 2018"]
[Source "ChessBase"]
[SourceDate "2017.10.13"]
[SourceVersion "1"]
[SourceVersionDate "2017.10.13"]
[SourceQuality "1"]

1. d4 e6 2. e3 Nf6 3. Nf3 d5 4. Bd3 b6 5. c4 c5 6. Nc3 Nbd7 7. e4 dxe4 8. Nxe4 Bb7 9. Nxf6+ Nxf6 10. Bg5 Be7 11. dxc5 Bxc5 12. Qe2 Bb4+ 13. Kf1 h6 14. Bh4 0-0 15. Rd1 Qe7 16. a3 Bd6 17. Ne5 g5 18. Bg3 Rac8 19. h4 Kg7 20. hxg5 hxg5 21. Qe3 Rg8 22. Qxg5+ Kf8 23. Qh6+ Ke8 24. Re1 Bxe5 25. Rxe5 Ng4 26. Qh7 Nxe5 27. Qxg8+ Kd7 28. Qh7 Nxc4 29. Bxc4 Rxc4 30. Qd3+ Bd5 31. Ke2 Re4+ 32. Kf1 Qc5 33. Kg1 Qc1+ 34. Kh2 Qh6+ 0-1

[Event "Gibraltar Amateur op-A"]
[Site "Caleta"]
[Date "2017.01.26"]
[Round "4"]
[White "Stai, Sondre"]
[Black "Longdin, Michael"]
[Result "0-1"]
[WhiteElo "1676"]
[BlackElo "1836"]
[PlyCount "64"]
[EventDate "2017.01.23"]
[EventType "swiss"]
[EventRounds "5"]
[EventCountry "GGB"]
[SourceTitle "CBM 176 Extra"]
[Source "ChessBase"]
[SourceDate "2017.03.02"]
[SourceVersion "1"]
[SourceVersionDate "2017.03.02"]
[SourceQuality "1"]

1. Nf3 c5 2. c4 Nc6 3. Nc3 e5 4. g3 Nf6 5. Bg2 d5 6. cxd5 Nxd5 7. d3 Nxc3 8. bxc3 Be7 9. 0-0 0-0 10. c4 Be6 11. Nd2 Qd7 12. Rb1 b6 13. Ne4 f5 14. Nc3 f4 15. Nd5 Bd6 16. Qa4 Rac8 17. Nxb6 axb6 18. Rxb6 f3 19. Bxf3 Rxf3 20. exf3 Qc7 21. Rxc6 Qxc6 22. Qxc6 Rxc6 23. Re1 Bf5 24. Bb2 Bxd3 25. Bxe5 Bxe5 26. Rxe5 Bxc4 27. a3 Bd3 28. f4 c4 29. f3 c3 30. Re1 c2 31. Kf2 c1Q 32. Rxc1 Rxc1 0-1

[Event "Gibraltar Amateur op-B"]
[Site "Caleta"]
[Date "2016.01.31"]
[Round "2"]
[White "Longdin, Michael"]
[Black "Bajer, Renato"]
[Result "1/2-1/2"]
[WhiteElo "1813"]
[BlackElo "1890"]
[PlyCount "86"]
[EventDate "2016.01.30"]
[EventType "swiss"]
[EventRounds "5"]
[EventCountry "GGB"]
[SourceTitle "CBM 170 Extra"]
[Source "ChessBase"]
[SourceDate "2016.02.25"]
[SourceVersion "1"]
[SourceVersionDate "2016.02.25"]
[SourceQuality "1"]

1. d4 f5 2. Bg5 g6 3. Nc3 Bg7 4. f3 d5 5. Qd2 Nc6 6. 0-0-0 Nf6 7. Bh6 0-0 8. Bxg7 Kxg7 9. h4 h5 10. Nh3 Be6 11. Nf4 Qd7 12. e3 Rh8 13. Bd3 Rag8 14. Nce2 Kf8 15. Bb5 a6 16. Bxc6 Qxc6 17. Nd3 Nd7 18. Nef4 Ke8 19. Qb4 Bf7 20. e4 fxe4 21. fxe4 dxe4 22. Rhe1 Nf6 23. Ne5 Qb5 24. Qxb5+ axb5 25. d5 Kf8 26. Nxf7 Kxf7 27. Ne6 c6 28. Ng5+ Kg7 29. dxc6 bxc6 30. Nxe4 Rd8 31. Ng5 Rxd1+ 32. Rxd1 Nd5 33. Rf1 Nf6 34. Re1 Nd5 35. a3 Rd8 36. b3 Rd6 37. c4 bxc4 38. bxc4 Nf4 39. Rxe7+ Kf6 40. Rf7+ Ke5 41. Re7+ Kf6 42. Rf7+ Ke5 43. Re7+ Kf6 1/2-1/2

[Event "Gibraltar Challengers-A 11th"]
[Site "Caleta"]
[Date "2013.01.21"]
[Round "1"]
[White "Longdin, Michael"]
[Black "Wiedersich, Jens"]
[Result "0-1"]
[WhiteElo "1801"]
[BlackElo "2120"]
[PlyCount "112"]
[EventDate "2013.01.21"]
[EventType "swiss"]
[EventRounds "5"]
[EventCountry "GGB"]
[SourceTitle "EXT 2014"]
[Source "ChessBase"]
[SourceDate "2013.11.20"]
[SourceVersion "1"]
[SourceVersionDate "2013.11.20"]
[SourceQuality "1"]

1. d4 Nf6 2. Nf3 c5 3. c3 cxd4 4. cxd4 g6 5. e3 Bg7 6. Bd3 0-0 7. Nbd2 Nc6 8. a3 d6 9. 0-0 e5 10. dxe5 dxe5 11. Qe2 Bg4 12. Bc2 Qc7 13. h3 Be6 14. Nb3 Qb6 15. Nbd2 Rac8 16. Bb1 h6 17. Ba2 e4 18. Bxe6 exf3 19. Bxf7+ Rxf7 20. Nxf3 Qb3 21. Rb1 Ne4 22. Nd4 Nxd4 23. exd4 Qc2 24. Qxc2 Rxc2 25. Be3 a6 26. Rfc1 Rfc7 27. Rxc2 Rxc2 28. b4 Nc3 29. Rb3 Bxd4 30. Bxd4 Ne2+ 31. Kh2 Nxd4 32. Rd3 Rc4 33. Kg3 Rc3 34. Rxc3 Ne2+ 35. Kf3 Nxc3 36. Ke3 Nb5 37. a4 Nc3 38. a5 Nd5+ 39. Kd4 Nxb4 40. Kc5 Nc6 41. Kb6 Nxa5 42. Kxa5 b5 43. Kb4 Kf7 44. f4 h5 45. g3 Ke7 46. g4 hxg4 47. hxg4 Kd6 48. Kc3 Kd5 49. Kd3 b4 50. f5 gxf5 51. gxf5 Ke5 52. Kc4 a5 53. Kb3 Kxf5 54. Kc4 Ke4 55. Kb3 Kd3 56. Ka4 Kc2 0-1